000 01430cam a2200277 4500
001 1142
003 OCoLC
005 20181127162750.0
008 061006s2007 mduaf 001 0beng
010 _a2006033369
020 _a1591141001
_c(alk. paper)
020 _a9781591141006
_c(alk. paper)
043 _an-us---
_anwcu---
100 1 _aCarmichael, Scott W.
245 1 0 _aTrue believer :
_binside the investigation and capture of Ana Montes, Cuba's master spy /
_cScott W. Carmichael.
260 _aAnnapolis, Md. :
_bNaval Institute Press,
_cc2007.
300 _ax, 187 p., [8] p. of plates :
_bill. ;
_c24 cm.
500 _aIncludes index.
505 0 _aAn American hero -- The interview -- The making of a mole hunter -- A spy among us -- Leaks and more leaks -- Thanks, but no thanks -- Getting on track -- No ordinary analyst -- Keeping her in the bubble -- Project 1923 -- Derailing a plum assignment -- The freeze -- Suspicious activity -- A long summer -- Borrowing the lady's purse -- September 11 -- End game -- The aftermath -- No ordinary spy -- Why she did it -- How she got away with it -- Why it matters -- The death of a warfighter.
600 1 0 _aCarmichael, Scott W.
600 1 0 _aMontes, Ana Belen.
610 1 0 _aUnited States.
_bDefense Intelligence Agency.
650 0 _aEspionage, Cuban
_xHistory
_y20th century.
650 0 _aEspionage, Cuban
_xHistory
_y21st century.
650 0 _aSpies
_zCuba
_vBiography.
999 _c799
_d799